Menové krízy (empíria a teória)

Recenzia na publikáciu M. Helíska: Měnové krize (empirie a teorie). Recenzovaná publikácia je venovaná aktuálnej problematike menových kríz. Charakteristika najvýznamnejších menových kríz za posledných 15 rokov. Príčiny vzniku kríz. Teoretické modely menových kríz. Dôsledky menových kríz. Predvídani...

Descrizione completa

Salvato in:
Dettagli Bibliografici
Autore principale: Gonda, Vladimír
Natura: Capitolo di libro
Lingua:slovacco
Soggetti:
Tags: Aggiungi Tag
Nessun Tag, puoi essere il primo ad aggiungerne!!

MARC

LEADER 00000naa$a2200000$$$4500
001 0039740
005 20240502071504.4
041 0 |a slo 
044 |a SK 
245 1 0 |a Menové krízy (empíria a teória)  |c Vladimír Gonda 
520 |a Recenzia na publikáciu M. Helíska: Měnové krize (empirie a teorie). Recenzovaná publikácia je venovaná aktuálnej problematike menových kríz. Charakteristika najvýznamnejších menových kríz za posledných 15 rokov. Príčiny vzniku kríz. Teoretické modely menových kríz. Dôsledky menových kríz. Predvídanie a prevencia kríz. Menová minikríza v ČR r. 1997. 
610 2 0 |a recenzie 
610 2 0 |a kríza menová 
610 2 0 |a modely 
610 2 0 |a história 
610 2 0 |a prevencia 
610 2 0 |a svet 
610 2 0 |a Česko 
100 1 |a Gonda, Vladimír